00393nam a2200121Ia 45000010005000000080041000050820028000461000091000742450040001652600024002059010027002299990015002564319241024s9999 xx 000 0 und d aRD/379.97293/R426m/2013 aRepública Dominicana. Ministerio de Educación, MINERD. Dirección de Tecnología 0aManual de procesos y procedimientos bSanto Domingoc2013 a30/8/2016 3:53:25 p.m. c8269d8269